La falsedad de la universalidad: el hostigamiento sexual como una violación de los derechos de las mujeres /
En el presente ensayo se hace un breve recorrido conceptual e histórico de la existencia de los derechos humanos, área en donde las luchas feministas han encontrado asidero y que, a partir de él, se han logrado triunfos internacionales en la conformación de leyes y normas que prohíben la discriminac...
Guardado en:
| Autor principal: | |
|---|---|
| Formato: | Texto |
| Materias: | |
| Etiquetas: |
Agregar Etiqueta
Sin Etiquetas, Sea el primero en etiquetar este registro!
|
MARC
| LEADER | 00000 a a2200000 04500 | ||
|---|---|---|---|
| 001 | 42222 | ||
| 003 | |||
| 040 | |||
| 100 | |a Reyes Espinoza, Noilly | ||
| 245 | |a La falsedad de la universalidad: |b el hostigamiento sexual como una violación de los derechos de las mujeres / |c Noilly Reyes Espinoza | ||
| 520 | |a En el presente ensayo se hace un breve recorrido conceptual e histórico de la existencia de los derechos humanos, área en donde las luchas feministas han encontrado asidero y que, a partir de él, se han logrado triunfos internacionales en la conformación de leyes y normas que prohíben la discriminación de los seres humanos. Con lo cual se introduce la Ley contra el Hostigamiento Sexual en Costa Rica y se analiza la falta de impacto de los convenios y las leyes en cuanto a la protección de las mujeres. | ||
| 590 | |a SJB/NOVIEMBRE2012 | ||
| 650 | |a 1.DISCRIMINACION BASADA EN EL GENERO | ||
| 650 | |a 2.HOSTIGAMIENTO SEXUAL | ||
| 650 | |a 3.DERECHOS DE LA MUJER | ||
| 650 | |a 4.DERECHOS HUMANOS | ||
| 650 | |a 5.HISTORIA | ||
| 650 | |a 6.COSTA RICA | ||
| 773 | |g volumen18, número9 ( , 2008), páginas 125-138 | ||
| 999 | |c 32584 |d 32584 | ||
